000 00742nam a22002297a 4500
003 UA-OsUOA
001 46382
007 ta
008 20120217b un ||||| |||| 00| 0 ukr d
090 _a82(091)
_bО-95
942 _cBK
040 _aUA-OsUOA
_brus
_cUA-OsUOA
_dUA-OsUOA
245 _aОчерки болгарской литературы ХІХ-ХХ веков
300 _a519 с.
955 _a4
041 _arus
080 _a82(091)
260 _aМ.
_bИздательство Академи Наук СССР
_c1959
650 7 _a82 Література. Літературознавство
_2UDC
999 _c426475
_d426475